|
|
|
|
| LEADER |
02365ncm a2200649 a 4500 |
| 001 |
nkc20102029603 |
| 003 |
CZ PrNK |
| 005 |
20110608140433.0 |
| 007 |
qu |
| 008 |
100119s2009 xr snaeg e nn zxx |
| 015 |
|
|
|a cnb002029603
|
| 024 |
2 |
|
|a 979-0-66061-153-1
|q (brož.)
|
| 028 |
2 |
1 |
|a R 189
|b Český rozhlas
|
| 040 |
|
|
|a OLA001
|b cze
|d ABA001
|
| 041 |
0 |
|
|g cze
|g eng
|
| 043 |
|
|
|a e-xr---
|
| 045 |
|
|
|a x-y-
|
| 048 |
|
|
|b wc01
|a ka01
|
| 048 |
|
|
|b wi01
|a ka01
|
| 072 |
|
7 |
|a 788
|x Hudba pro dechové nástroje
|2 Konspekt
|9 9
|
| 080 |
|
|
|a 785.72
|2 MRF
|
| 080 |
|
|
|a 78.082.3
|2 MRF
|
| 080 |
|
|
|a 785.7
|2 MRF
|
| 080 |
|
|
|a 78.089.6.087
|2 MRF
|
| 100 |
1 |
|
|a Matoušek, Lukáš,
|d 1943-
|7 jn20000620220
|4 cmp
|
| 240 |
1 |
0 |
|a Sonatina,
|m klarinet, klavír
|
| 245 |
1 |
0 |
|a Sonatina "česká"
|h [hudebnina] :
|b pro klarinet (nebo altový saxofon) a klavír : (1983/2007) = "Czech" sonatina : for clarinet (or saxophone alto) and piano /
|c Lukáš Matoušek
|
| 246 |
3 |
1 |
|a "Czech" sonatina :
|b for clarinet (or saxophone alto) and piano
|
| 250 |
|
|
|a 1. vyd.
|
| 260 |
|
|
|a Praha :
|b Český rozhlas,
|c 2009
|
| 300 |
|
|
|a 1 partitura (12 s.) + 2 hlasy ;
|c 30 cm
|
| 382 |
0 |
1 |
|a klarinet
|n 1
|a klavír
|n 1
|s 2
|
| 382 |
0 |
1 |
|a altový saxofon
|n 1
|a klavír
|n 1
|s 2
|
| 546 |
|
|
|a Životopis, informace o skladbě česky a anglicky
|
| 648 |
|
4 |
|a 1983
|
| 648 |
|
7 |
|a 2007
|7 ch969027
|2 czenas
|
| 648 |
|
7 |
|a 20.-21. století
|7 ch462155
|2 czenas
|
| 650 |
0 |
7 |
|a dua
|7 ph254871
|2 czenas
|
| 650 |
0 |
7 |
|a sonatiny
|7 ph321711
|z Česko
|y 20.-21. století
|2 czenas
|
| 650 |
0 |
7 |
|a komorní hudba
|7 ph121752
|2 czenas
|
| 650 |
0 |
9 |
|a duos
|2 eczenas
|
| 650 |
0 |
9 |
|a sonatinas
|z Czechia
|y 20th-21st centuries
|2 eczenas
|
| 650 |
0 |
9 |
|a chamber music
|2 eczenas
|
| 655 |
|
7 |
|a sonatiny
|7 fd980064
|2 czenas
|
| 655 |
|
7 |
|a dua
|7 fd979995
|2 czenas
|
| 655 |
|
7 |
|a partitury a hlasy
|7 fd186702
|2 czenas
|
| 655 |
|
9 |
|a sonatinas
|2 eczenas
|
| 655 |
|
9 |
|a duos
|2 eczenas
|
| 655 |
|
9 |
|a scores and parts
|2 eczenas
|
| 910 |
2 |
|
|a BOA001
|b Mus4-1263.917
|
| 990 |
|
|
|a MU
|
| 995 |
|
|
|a 01
|
| 991 |
|
|
|b 201105
|c NOV
|
| 925 |
|
|
|a klarinet, klavír
|b Cl, Pf
|
| 925 |
|
|
|a altový saxofon, klavír
|b aSax, Pf
|
| 996 |
6 |
|
|b 2610479280
|c Mus4-1263.917
|l MZK
|r Sklad / do 1 hodiny
|n 0
|p p.v.
|w 001180684
|u 000010
|a 1
|e BOA001
|j MZK50
|s P
|
| 996 |
7 |
|
|b 2610479702
|c Mus4-1263.917
|l MZK
|r Sklad / do 1 hodiny
|n 0
|p kup
|w 001180684
|u 000020
|a 1
|e BOA001
|j MZK50
|s A
|